Música folklorica mexicana (notice nᵒ 2778)
[ vue normale ]
| 000 -Sello discográfico | |
|---|---|
| campo de control de longitud fija | 00923nam a2200265 4500 |
| 005 - Identificación de versión | |
| campo de control | 20251016083405.0 |
| 035 ## - Otros números de control del sistema | |
| Número de control del sistema | 23930 |
| 099 ## - fechas locales | |
| Tipo de ítem Koha | LIBRO |
| 100 ## - Datos de procesamiento general | |
| Datos de procesamiento general | 19980216d1952 m y1spay5003 ba |
| 105 ## - Campo de datos codificados: Material textual, monográfico | |
| Datos codificados de monografía | y 001zy |
| 200 1# - Título y mención de responsabilidad | |
| Título propio | Música folklorica mexicana |
| Designación general del material | texto impreso |
| Otra información del título | inventario de discos grabados por la Sección de Investigaciones musicales del INBA |
| Primer mención de responsabilidad | Nota preliminar Carlos Chávez |
| 210 ## - Publicación, distribución, etc. | |
| Lugar de publicación, distribución, etc. | México |
| Nombre del editor, distribuidor, etc. | Instituto Nacional de Bellas Artes, Departamento de Música |
| Fecha de publicación, distribución, etc. | 1952 |
| 215 ## - Descripción física | |
| Designación de material específico y extensión del ítem | 78 p |
| Dimensiones | 20 cm |
| 345 ## - Nota de información de adquisición | |
| Fuente de adquisición/dirección de la suscripción [OBSOLETO] | Donación |
| 606 ## - Término temático usado como materia | |
| Elemento de entrada | Música folklorica |
| Subdivisión geográfica | México |
| Subdivisión temática | Discografía |
| Número Koha | 6119 |
| 660 ## - Código de área geográfica | |
| Código | MX |
| 702 ## - Nombre personal - Responsabilidad secundaria | |
| Elemento de entrada | Chávez y Ramírez |
| Parte del nombre distinta del elemento de entrada | Carlos Antonio de Padua |
| Fechas | 1899-1978 |
| Número Koha | 6120 |
| 801 #0 - Fuente de origen | |
| Agencia | cm |
| 900 ## - | |
| -- | 1/15899 |
| 900 ## - | |
| -- | 710987467\\160298 |
| 942 ## - ELEMENTOS DE ENTRADA SECUNDARIOS (KOHA) | |
| Tipo de ítem Koha | Livre |
| 996 ## - | |
| -- | MEX |
| -- | 751145101 |
| -- | MMAG |
| -- | 008452 |
| -- | 780.972 M987 |
| -- | 20230901LIV |
| Estatus retirado | Estado de daño | Estado de pérdida | Fecha de adquisición | Biblioteca de origen | Biblioteca actual | Ubicación en estantería | Código de barras | Precio de reemplazo | Signatura topográfica completa | No para préstamo | Tipo de ítem Koha | Nota pública | Nota no pública |
|---|---|---|---|---|---|---|---|---|---|---|---|---|---|
| 05/08/2025 | Casa México Paris | Casa México Paris | 008452 | 05/08/2025 | 780.972 M987 | Livre | 20230901LIV | 751145101 |